Представление документа в формате RUSMARC

ПолеНазваниеЗначение
  Тип записи a
  Библиографический уровень m
001 Контрольный номер RU/CBS_UL/BASE/581434289
005 Дата корректировки 20240209174830.6
010 Индекс ISBN __
a ISBN
b Уточнения в пер.
d Цена 2 р. 70 к.
9 Тираж экз.
100 Данные общей обработки __
a Данные общей обработки 20180604d2018 ||| 0rusy0189 ca
101 Язык документа 0_
a Язык текста rus
102 Страна публикации __
a Страна публикации RU
105 Кодированные данные (монография) __
a Кодированные данные (монография) y###||||000|y
200 Заглавие и сведения об ответственности 1_
a Заглавие Солигалич
b Общее обозначение материала Текст
f Первые сведения об ответственности Е. В. Кудряшов
210 Выходные данные 1_
a Место издания Ленинград
c Издательство Художник РСФСР
d Дата издания 1987
215 Физическое описание __
a Объем 208 с.
c Иллюстрации/тип воспроизводства ил.
d Формат см.
225 Серия 0_
a Серия Памятники народов России
300 Общие примечания __
a Общие примечания Ограничения по возрасту - 16+
300 Общие примечания __
a Общие примечания Под инв. номером 25173: 9н-1
606 Тематические рубрики 0_
a Основная рубрика Архитектурные памятники - Солигалич (Костромская область)
y Географическая подрубрика Солигалич, город (Костромская область)
610 Ключевые слова 0_
a Ключевые слова архитектура русская
a Ключевые слова памятники архитектурные
a Ключевые слова искусство русское
a Ключевые слова города России
686 Индексы других классификаций __
a Классификационный индекс 85.101
2 Код системы ББК
700 Автор _1
a Фамилия Кудряшов
b Имя (инициалы) Евгений Васильевич
g Полное личное имя Е. В.
801 Источник записи _0
a Страна RU
b Организация МБУК ЦБС
c Дата составления 20180604
g Правила каталогизации RCR
801 Источник записи _1
a Страна RU
b Организация МБУК ЦБС г. Ульяновска
c Дата составления 20180604
g Правила каталогизации RCR
899 Данные о местонахождении __
i Авторский знак К 88
j Расстановочный фильтр 85.1
901 Тип документа __
t Тип документа m
910 Корректоры записи __
a Корректор записи Тихонова